000 00906nam a2200253 i 4500
001 169036
003 ES-MaACL
005 20250812062531.0
008 080804s1952 sp f 001 s spa d
080 _a1
100 1 _aPieper, Josef.
_991919
245 1 0 _aActualidad del tomismo /
_cJosef Pieper ; [la versión española se debe a Vicente Marrero Suárez].
260 _aMadrid :
_bAteneo,
_c1952.
300 _a36 p. :
_b1 lám. ;
_c19 cm.
490 1 _aColección "O crece o muere" ;
_v39
500 _aEl original fue dado a conocer por el autor, en el Ateneo de Madrid, el 28 de mayo de 1952.
610 2 7 _aAteneo de Madrid-
_vConferencias-
_y1940-1982.
_91908
650 0 7 _aFilosofía
_2embne
_912802
700 1 _aMarrero, Vicente.
_977070
830 1 0 _aColección "O crece o muere"
_v39
_9183476
852 _aES-MaACL
_jJ-24 (39)
852 _aES-MaACL
_jJ-25 (39)
999 _c169036
_d169036